000 00295nam a22000977a 4500
008 130411b xxu||||| |||| 00| 0 eng d
020 _cAvalable
082 _a004.36TAN
_b000086
245 _aDistributed systems : principles and paradigms
_cTanenbaum, Andrew S.
260 _aIndia
_bPearson Education
_c1998
999 _c23365
_d23365